Sự kỳ diệu của sinh học: Loài chim
সংরক্ষণ করুন:
| প্রধান লেখক: | |
|---|---|
| বিন্যাস: | গ্রন্থ |
| ভাষা: | Undetermined |
| প্রকাশিত: |
H.
Văn Hoá
1997
|
| বিষয়গুলি: | |
| ট্যাগগুলো: |
ট্যাগ যুক্ত করুন
কোনো ট্যাগ নেই, প্রথমজন হিসাবে ট্যাগ করুন!
|
| Thư viện lưu trữ: | Trung tâm Học liệu Trường Đại học Cần Thơ |
|---|
| LEADER | 00489nam a2200169Ia 4500 | ||
|---|---|---|---|
| 001 | CTU_53278 | ||
| 008 | 210402s9999 xx 000 0 und d | ||
| 082 | |a 598 | ||
| 082 | |b A362 | ||
| 100 | |a David Alderton | ||
| 245 | 0 | |a Sự kỳ diệu của sinh học: Loài chim | |
| 245 | 0 | |c David Alderton; Phạm Đình Thắng dịch | |
| 260 | |a H. | ||
| 260 | |b Văn Hoá | ||
| 260 | |c 1997 | ||
| 650 | |a ornithology,birds | ||
| 980 | |a Trung tâm Học liệu Trường Đại học Cần Thơ | ||